| 000 -LEADER |
| fixed length control field |
00866nam a22001577a 4500 |
| 003 - CONTROL NUMBER IDENTIFIER |
| control field |
OSt |
| 005 - DATE AND TIME OF LATEST TRANSACTION |
| control field |
20151106093141.0 |
| 008 - FIXED-LENGTH DATA ELEMENTS--GENERAL INFORMATION |
| fixed length control field |
151106b xxu||||| |||| 00| 0 eng d |
| 040 ## - CATALOGING SOURCE |
| Transcribing agency |
RUA |
| 082 ## - DEWEY DECIMAL CLASSIFICATION NUMBER |
| Classification number |
FOR PENH 1997 B124 Or.5 |
| 100 ## - MAIN ENTRY--PERSONAL NAME |
| 9 (RLIN) |
3432 |
| Personal name |
PENH, VISALRITH. |
| 245 ## - TITLE STATEMENT |
| Title |
contrivution to the establishment of mathematical model of stand vollume table for commercial trees species in kratie province, the mekong forest zone (វិភាគទាននៃការកសាងគំរូគណិតតារាងមាឌឈើឈរសំរាប់ប្រភេទឈើពាណិជ្ជកម្មក្នុងសារព័ន្ធព្រៃឈើខេត្តក្រចេះភូមិភាគព្រៃឈើទន្លេមេគង្គ) |
| 260 ## - PUBLICATION, DISTRIBUTION, ETC. (IMPRINT) |
| Place of publication, distribution, etc. |
Phnom Penh |
| Name of publisher, distributor, etc. |
RUA |
| Date of publication, distribution, etc. |
1997 |
| 300 ## - PHYSICAL DESCRIPTION |
| Extent |
117p. |
| Other physical details |
ill. |
| Dimensions |
29cm. |
| 942 ## - ADDED ENTRY ELEMENTS (KOHA) |
| Source of classification or shelving scheme |
|
| Koha item type |
FOR |